Klíče k pochopení cenných papírů

Niekoľko kapitol z knihy Lee, A.J.: Klíče k pochopení..., vydanej vo Victoria Publishing Praha: čo je cenný papier, riziko a odmena, hodnotenie obligácií, úloha ručiteľov, podvody s cennými papierami.

Enregistré dans:
Détails bibliographiques
Auteur principal: Lee, A.J
Format: Chapitre de livre
Langue:tchèque
Sujets:
Tags: Ajouter un tag
Pas de tags, Soyez le premier à ajouter un tag!

MARC

LEADER 00000naa a2200000 4500
001 r024074
005 20221213081750.3
041 0 |a cze 
044 |a CZ 
245 1 0 |a Klíče k pochopení cenných papírů  |c A.J. Lee 
520 |a Niekoľko kapitol z knihy Lee, A.J.: Klíče k pochopení..., vydanej vo Victoria Publishing Praha: čo je cenný papier, riziko a odmena, hodnotenie obligácií, úloha ručiteľov, podvody s cennými papierami. 
610 2 0 |a papiere cenné 
610 2 0 |a riziko 
610 2 0 |a odmeny 
610 2 0 |a obligácie 
100 1 |a Lee, A.J.